000
00318nam a2200133Ia 4500
100
_a
Langsam.Augenstein/ Tanenbaum /Andrew S.
942
_c
BK
654
_a
datastructures
245
_a
Datastructures using C and C++
260
_b
Prentice Hall
_c
2002
082
_a
5.73
_b
LAN
300
_a
672
546
_a
ENGLISH
999
_c
18649
_d
18649